000
00450nam a2200145Ia 4500
008
100122s9999 xx 000 0 und d
082
_b
52137
_a
821
100
_a
सप्रे मधुवंती
245
_a
हसले आधी कुणी
260
_b
शुभांगी कारंडे
_c
1995
300
_a
47
630
_a
हसले आधी कुणी
730
_a
हसले आधी कुणी
942
_c
BOOK
999
_c
429410
_d
429407